| 000 | 00816aam a2200313 4500 | ||
|---|---|---|---|
| 005 | 20231027104943.0 | ||
| 008 | 150227b2006 xxu||||| |||| 00| 0 spa d | ||
| 041 | _aESP | ||
| 082 | _a621.39 H899d | ||
| 100 |
_aHuidobro, José Manuel _929145 |
||
| 245 | _aDomótica: edificios inteligentes | ||
| 260 | _aMéxico | ||
| 260 | _bLimusa | ||
| 260 | _c2006 | ||
| 300 | _a360 páginas | ||
| 650 | _aINGENIERÍA INFORMÁTICA | ||
| 650 | _aELECTRÓNICA | ||
| 650 | _aDOMÓTICA | ||
| 650 | _aEDIFICIOS INTELIGENTES | ||
| 650 | _aAUTOMATIZACIÓN | ||
| 650 | _aREDES INTERNAS | ||
| 650 | _aEDIFICIOS BIOCLIMÁTICOS | ||
| 650 | _aSENSORES | ||
| 650 | _aAPARATOS INTELIGENTES | ||
| 650 | _aREDES | ||
| 650 | _aACCESO REMOTO | ||
| 942 |
_cBK _2ddc |
||
| 999 |
_c3436 _d3436 |
||